Cuadernos de arte No.3. Artes Escénicas (Record no. 7936)
[ view plain ]
| 000 -LEADER | |
|---|---|
| campo de control de longitud fija | 00393nam a2200133Ia 4500 |
| 001 - NÚMERO DE CONTROL | |
| campo de control | 1774 |
| 008 - DATOS DE LONGITUD FIJA--INFORMACIÓN GENERAL | |
| campo de control de longitud fija | 241024s9999 xx 000 0 und d |
| 082 ## - NÚMERO DE LA CLASIFICACIÓN DECIMAL DEWEY | |
| Número de clasificación | RD/792.028/R426c/3 |
| 100 ## - ENTRADA PRINCIPAL--NOMBRE DE PERSONA | |
| Nombre de persona | República Dominicana. Secretaría de Estado de Educación y Cultura |
| 245 #0 - MENCIÓN DEL TÍTULO | |
| Título | Cuadernos de arte No.3. Artes Escénicas |
| 260 ## - PUBLICACIÓN, DISTRIBUCIÓN, ETC. | |
| Nombre del editor, distribuidor, etc. | Ed. Taller |
| Fecha de publicación, distribución, etc. | 1997 |
| 901 ## - ELEMENTOS DE DATOS A LOCAL LDA (RLIN) | |
| a | 27/9/2011 8:16:02 a.m. |
No items available.